书目信息 |
| 题名: |
特色经济作物栽培与加工
|
|
| 作者: | 范祖兴 主编 | |
| 分册: | ||
| 出版信息: | 北京 中国科学技术出版社 2017 |
|
| 页数: | 10, 228页, 4页图版 | |
| 开本: | 21cm | |
| 丛书名: | 科技助力精准扶贫工程丛书 | |
| 单 册: | ||
| 中图分类: | S56 | |
| 科图分类: | ||
| 主题词: | 经济作物--jing ji zuo wu--栽培技术 | |
| 电子资源: | ||
| ISBN: | 978-7-5046-7386-2 | |
| 000 | 00995nam 2200265 450 | |
| 001 | 012001002338 | |
| 005 | 20131110153015.0 | |
| 010 | @a978-7-5046-7386-2@dCNY26.00 | |
| 099 | @aCAL 012017013907 | |
| 100 | @a20170210d2017 em y0chiy50 ea | |
| 101 | 0 | @achi |
| 102 | @aCN@b110000 | |
| 105 | @aafk z 000yy | |
| 106 | @ar | |
| 200 | 1 | @a特色经济作物栽培与加工@Ate se jing ji zuo wu zai pei yu jia gong@f范祖兴主编 |
| 210 | @a北京@c中国科学技术出版社@d2017 | |
| 215 | @a10, 228页, 4页图版@c图@d21cm | |
| 225 | 2 | @a科技助力精准扶贫工程丛书@Ake ji zhu li jing zhun fu pin gong cheng cong shu |
| 330 | @a本书共分为竹类、茶类、果品类、食用菌类、药材类、花卉类、其他特色经济作物类七章, 主要内容包括: 毛竹栽培管理技术、毛竹用材林培育技术、毛竹笋用林培育技术等。 | |
| 410 | 0 | @12001 @a科技助力精准扶贫工程丛书 |
| 606 | 0 | @a经济作物@Ajing ji zuo wu@x栽培技术 |
| 690 | @aS56@v5 | |
| 701 | 0 | @a范祖兴@Afan zu xing@4主编 |
| 801 | 0 | @aCN@b北京卓展@c20191020 |
| 905 | @b1205322-5@dS56@e102@f4 | |
| 特色经济作物栽培与加工/范祖兴主编.-北京:中国科学技术出版社,2017 |
| 10, 228页, 4页图版:图;21cm.-(科技助力精准扶贫工程丛书) |
| ISBN 978-7-5046-7386-2:CNY26.00 |
| 本书共分为竹类、茶类、果品类、食用菌类、药材类、花卉类、其他特色经济作物类七章, 主要内容包括: 毛竹栽培管理技术、毛竹用材林培育技术、毛竹笋用林培育技术等。 |
| ● |
| 相关链接 |
|
|
|
|
正题名:特色经济作物栽培与加工
索取号:S56/102
 
预约/预借
| 序号 | 登录号 | 条形码 | 馆藏地/架位号 | 状态 | 备注 |
| 1 | 1205322 | 212053221 | 第二样本阅览室/ [索取号:S56/102] | 在馆 | |
| 2 | 1205323 | 212053230 | 第三借阅区/ [索取号:S56/102] | 在馆 | |
| 3 | 1205324 | 212053249 | 第三借阅区/ [索取号:S56/102] | 在馆 | |
| 4 | 1205325 | 212053258 | 第三借阅区/ [索取号:S56/102] | 在馆 |